The excavations at Babylon. By Robert Koldewey. Translated by Agnes S. Johns. With 255 illustrations and plans
Guardat en:
| Autor principal: | |
|---|---|
| Format: | Llibre |
| Idioma: | anglès |
| Publicat: |
Londres
Macmillan and Co., Limited, St. Martin's street
1914
|
| Edició: | 1a. ed |
| Matèries: | |
| Etiquetes: |
Afegir etiqueta
Sense etiquetes, Sigues el primer a etiquetar aquest registre!
|
MARC
| LEADER | 00000nam a2200000 a 4500 | ||
|---|---|---|---|
| 001 | UCJ6182 | ||
| 003 | CL-VaPUC | ||
| 008 | 070124e19140000UK |||||||||||||||||eng|d | ||
| 082 | 0 | 4 | |a 935 |b KOL |2 21 |
| 100 | 0 | |a Koldewey, Robert |e author |9 512563 | |
| 245 | 1 | 4 | |a The excavations at Babylon. By Robert Koldewey. Translated by Agnes S. Johns. With 255 illustrations and plans |
| 250 | |a 1a. ed | ||
| 300 | |a xix, 335 p | ||
| 942 | |c BK | ||
| 945 | |d 20070124 00:00:00 |a rinostro | ||
| 260 | |a Londres |b Macmillan and Co., Limited, St. Martin's street |c 1914 | ||
| 500 | |a 8§.- Anteport.- v.: datos editorial.- Front., vaso coloreado.-Port.- v.: Copyright.- Ilustraciones, mapas y planos conforme a lo señalado en el índice | ||
| 500 | |a Apéndices: textos en griego de Heródoto, Estrabón,Diodoro, etc. Láminas en color y blanco y negro a lo largo del texto | ||
| 600 | 0 | 7 | |a NABUCODONOSOR |2 CL-VaPUC |9 512564 |
| 600 | 0 | 7 | |a HERODOTO |2 CL-VaPUC |9 337011 |
| 650 | 0 | |a Arqueología |9 265619 | |
| 650 | 0 | |a Arquitectura |9 804558 | |
| 650 | 0 | |a Arte |9 265238 | |
| 650 | 0 | |a Ciencias |9 327866 | |
| 650 | 0 | |a Monumentos |9 265246 | |
| 650 | 0 | |a Fuentes Históricas |9 265141 | |
| 650 | 0 | |a Escritura |9 264941 | |
| 650 | 0 | |a Ilustraciones |9 369481 | |
| 650 | 0 | |a Mapas |9 260844 | |
| 650 | 7 | |a PLANOS |2 CL-VaPUC |9 260106 | |
| 651 | 7 | |a BABILONIA |2 CL-VaPUC |9 322408 | |
| 651 | 7 | |a NINIVE |2 CL-VaPUC |9 505623 | |
| 651 | 0 | |a Mesopotamia |9 314286 | |
| 583 | |a last modification |c 20070124 00:00:00 |k Rodrigo Vera | ||
| 999 | |c 322290 |d 322288 | ||
| 952 | |0 0 |1 0 |4 0 |6 935_000000000000000_KOL_1914 |7 0 |8 X |9 401253 |a FDOBUD |b FDOBUD |d 2019-11-22 |i 1044850 |o 935 KOL 1914 |p 1044850 |r 2019-11-22 |w 2019-11-22 |y BK_X |k BUD | ||